Statystyki dla Polskie paradokumenty cz. 2

Kliknij tutaj aby rozwiązać quiz!

Ogólne statystyki

  • Ten quiz został rozwiązany 254 razy
  • Średni wynik to 3 z 12

Statystyki odpowiedzi

KanałOdpowiedź% Poprawnych
TVNUkryta prawda
86%
TV PulsLombard Życie pod zastaw
42%
PolsatGliniarze
38%
TVN19+
34%
TV4Policjantki i Policjanci
27%
PolsatMalanowski i partnerzy
20%
PolsatNieprawdopodobne? A jednak
18%
PolsatDzień, który zmienił moje życie
15%
Polo TVMiłość w rytmie disco
15%
PolsatPielęgniarki
14%
PolsatPoznaj swoje prawa!
8%
PolsatŚlubna gorączka
4%

Rozkład punktacji

Percentyl według liczby udzielonych odpowiedzi

Procent ludzi z każdym wynikiem

Twoja historia wyników

Nie rozwiązałeś tego quizu